000 02054nam0a2200397 4500
001 RU\NLR\BIBL_A\010944649
005 20260406205153.0
010 _a978-5-906693-61-7
_9300
021 _aRU
_b15-93677
035 _a(NILC)RuMoRGB-008089853
035 _a(NLR Aleph) 010944649
090 _a10763076
_c10763076
100 _a20151225d2015 |||y0rusy50 ca
101 0 _arus
102 _aRU
105 _aac||z|||000yy
200 1 _aТуберкулез в XXI веке: проблемы и пути решения
_eтруды ФГБНУ "ЦНИИТ"
_eпамяти члена-корреспондента РАН В.В. Ерохина посвящается
_fФедеральное гос. бюджетное науч. учреждение "Центральный научно-исследовательский ин-т туберкулеза"
_gпод ред. проф. А.Э. Эргешова
_g[науч. ред. и сост. д.м.н., проф. О.В. Демихова]
210 _aМосква
_cЦНИИТ
_d2015
215 _a351 с.
_cил., портр., табл., цв. ил.
_d25
320 _aБиблиогр. в конце ст.
600 1 _aЕрохин
_bВ.В.
_f1936 - 2014
_gВладислав Всеволодович
_92277335
_3RU\NLR\AUTH\6601593109
606 1 _aТуберкулез
_jСборники
_9930954
_3RU\NLR\AUTH\6624202
675 _a616
686 1 _aР54я43
686 1 _aР.г(2)д Ерохин
702 1 _aЭргешов
_bА. Э.
_f1961-
_gАтаджан Эргешович
_4340
702 1 _aДемихова
_bО.В.
_gОльга Владимировна
_4220
702 1 _aЕрохин
_bВ. В.
_cфтизиатр
_cпатологоанатом
_f1936-2014
_gВладислав Всеволодович
_4570
711 0 2 _aЦНИИ туберкулеза
_cМосква
_3RU\NLR\AUTH\889965725
_9427711
801 0 _aRU
_bРГБ
_c20151208
_gRCR
942 _cBOOK
980 _aNBR
980 _aNB